[Event "DEM U14 2010"]
[Site "Oberhof GER"]
[Date "2010.05.29"]
[Round "9"]
[White "Svane, Rasmus"]
[Black "Moritz, Aron"]
[Result "1-0"]
[Termination "normal"]
[Board "1"]
[WhiteElo "2157"]
[BlackElo "2024"]
[PlyCount "107"]
[WhiteFideId "4657101"]
[BlackFideId "24672319"]
[EventCountry "GER"]
[EventRounds "9"]
[EventType "swiss"]
[EventDate "2010.05.22"]

1. c4 e6 2. Nc3 d5 3. d4 Nf6 4. cxd5 exd5 5. Bg5 Nbd7 6. e3 Be7 7. Bd3 c6 8.
Qc2 O-O 9. Nf3 Re8 10. h3 Nf8 11. Bf4 Bd6 12. Bxd6 Qxd6 13. O-O-O b5 14. Kb1 a5
15. Rc1 Be6 16. g4 N8d7 17. Ng5 h6 18. Nxe6 Qxe6 19. Ne2 Rec8 20. Qd2 b4 21.
Nf4 Qd6 22. h4 a4 23. Bf5 g6 24. Bxd7 Nxd7 25. Nd3 b3 26. a3 Kg7 27. Nc5 Nb6
28. Qe2 Re8 29. g5 h5 30. Rh3 Nc4 31. Rd1 Ra5 32. Nb7 Qc7 33. Nxa5 Qxa5 34. Rf3
Qa6 35. Ka1 Qc8 36. Rf4 Qe6 37. Qe1 Rb8 38. Qc3 Qe7 39. Kb1 Qe6 40. e4 Qd7 41.
e5 Qe6 42. Rf6 Qg4 43. Qf3 Qxf3 44. Rxf3 Re8 45. Rfd3 Kf8 46. Rc3 Ke7 47. Kc1
Ke6 48. Rf3 Re7 49. Rf6+ Kd7 50. Re1 c5 51. dxc5 Nxe5 52. Rd6+ Ke8 53. Kb1 d4
54. Rxd4 1-0

[Event "DEM U14 2010"]
[Site "Oberhof GER"]
[Date "2010.05.29"]
[Round "9"]
[White "Lampert, Jonas"]
[Black "Wagner, Dennis"]
[Result "0-1"]
[Termination "normal"]
[Board "2"]
[WhiteElo "2107"]
[BlackElo "2112"]
[PlyCount "26"]
[WhiteFideId "1303759"]
[BlackFideId "24650684"]
[EventCountry "GER"]
[EventRounds "9"]
[EventType "swiss"]
[EventDate "2010.05.22"]

1. e4 d5 2. exd5 Qxd5 3. Nc3 Qa5 4. d4 Nf6 5. Bc4 Nc6 6. Nf3 Bg4 7. Be3 O-O-O
8. Qd2 e5 9. d5 Bb4 10. dxc6 Rxd2 11. cxb7+ Kxb7 12. Bxd2 e4 13. Ng5 e3 0-1

[Event "DEM U14 2010"]
[Site "Oberhof GER"]
[Date "2010.05.29"]
[Round "9"]
[White "Blübaum, Matthias"]
[Black "Gibicar, Danijel"]
[Result "0-1"]
[Termination "normal"]
[Board "4"]
[WhiteElo "2091"]
[BlackElo "1965"]
[PlyCount "74"]
[WhiteFideId "24651516"]
[BlackFideId "24660256"]
[EventCountry "GER"]
[EventRounds "9"]
[EventType "swiss"]
[EventDate "2010.05.22"]

1. d4 Nf6 2. c4 e6 3. Nc3 Bb4 4. Qc2 d5 5. a3 Bxc3+ 6. Qxc3 c5 7. dxc5 d4 8.
Qg3 Nc6 9. Nf3 e5 10. Nxe5 Qa5+ 11. Kd1 Ne4 12. Qxg7 Nxf2+ 13. Kc2 Bf5+ 14. Kb3
O-O-O 15. Qf6 Be6 16. Nxc6 Qxc5 17. Ne7+ Kd7 18. Nd5 b5 19. e3 bxc4+ 20. Kc2
d3+ 21. Kb1 Ne4 22. Qd4 Qxd5 23. Qxa7+ Ke8 24. Qa4+ Bd7 25. Qb4 Qc5 26. Bd2
Qxb4 27. Bxb4 Ba4 28. b3 Bxb3 29. Kb2 Nf2 30. Rg1 d2 31. Bxc4 Bxc4 32. Bxd2
Rxd2+ 33. Kc3 Ne4+ 34. Kxc4 Ke7 35. Rad1 Rc8+ 36. Kb3 Rdc2 37. Rd3 R8c4 0-1

[Event "DEM U14 2010"]
[Site "Oberhof GER"]
[Date "2010.05.29"]
[Round "9"]
[White "Eigemann, Frederik"]
[Black "Kvetny, Mark"]
[Result "0-1"]
[Termination "normal"]
[Board "5"]
[WhiteElo "1929"]
[BlackElo "1916"]
[PlyCount "54"]
[WhiteFideId "24692034"]
[BlackFideId "24603929"]
[EventCountry "GER"]
[EventRounds "9"]
[EventType "swiss"]
[EventDate "2010.05.22"]

1. d4 e6 2. e4 c5 3. d5 exd5 4. exd5 d6 5. Nf3 Nf6 6. Be2 Be7 7. O-O Bg4 8. Nc3
Bxf3 9. Bxf3 O-O 10. Re1 Na6 11. Nb5 Nc7 12. Nxc7 Qxc7 13. Bg5 h6 14. Bxf6 Bxf6
15. c3 b5 16. Re2 Rfe8 17. Qc2 c4 18. Rae1 Re5 19. Rxe5 Bxe5 20. g3 Rb8 21. Bg2
Qc5 22. Kh1 b4 23. f4 Bf6 24. Qf5 bxc3 25. Qd7 g6 26. Re8+ Kg7 27. Rxb8 c2 0-1

[Event "DEM U14 2010"]
[Site "Oberhof GER"]
[Date "2010.05.29"]
[Round "9"]
[White "Kyas, Philipp"]
[Black "Yankelevich, Lev"]
[Result "1-0"]
[Termination "normal"]
[Board "6"]
[WhiteElo "2015"]
[BlackElo "1926"]
[PlyCount "73"]
[WhiteFideId "24670936"]
[BlackFideId "24684074"]
[EventCountry "GER"]
[EventRounds "9"]
[EventType "swiss"]
[EventDate "2010.05.22"]

1. d4 d5 2. c4 c6 3. Nf3 Nf6 4. Nc3 e6 5. e3 Nbd7 6. Qc2 Bd6 7. e4 dxe4 8. Nxe4
Nxe4 9. Qxe4 Nf6 10. Qc2 O-O 11. Bd3 h6 12. O-O c5 13. dxc5 Bxc5 14. a3 Ng4 15.
b4 Be7 16. h3 Bf6 17. Rb1 Ne5 18. Nxe5 Bxe5 19. Be4 f5 20. Bf3 Bf6 21. Be3 Qc7
22. b5 Bd7 23. Rfc1 Rac8 24. c5 Be8 25. Qb3 Qf7 26. b6 Bc6 27. Bxc6 bxc6 28. a4
g5 29. Rd1 Be5 30. Bd4 Bb8 31. Re1 Rfe8 32. Be5 Re7 33. a5 Bxe5 34. Rxe5 Rb8
35. a6 Kh7 36. b7 Ree8 37. Rbe1 1-0

[Event "DEM U14 2010"]
[Site "Oberhof GER"]
[Date "2010.05.29"]
[Round "9"]
[White "Takeuchi, Eiki"]
[Black "Holle, Cedric"]
[Result "1-0"]
[Termination "normal"]
[Board "7"]
[WhiteElo "1850"]
[BlackElo "1733"]
[PlyCount "75"]
[WhiteFideId "24663751"]
[BlackFideId "24692158"]
[EventCountry "GER"]
[EventRounds "9"]
[EventType "swiss"]
[EventDate "2010.05.22"]

1. e4 e6 2. d4 d5 3. Nc3 Nf6 4. Bg5 Be7 5. e5 Nfd7 6. h4 a6 7. Qg4 f6 8. Be3
fxe5 9. Be2 Nf6 10. Qxg7 Rg8 11. Qh6 Bf8 12. Bh5+ Kd7 13. Qg5 Rxg5 14. hxg5
Nxh5 15. Rxh5 Qe7 16. Nf3 Nc6 17. dxe5 Kd8 18. O-O-O Bd7 19. g6 h6 20. Bxh6
Bxh6+ 21. Rxh6 Qg7 22. Rdh1 Be8 23. Ne2 Nxe5 24. Rh7 Qxg6 25. Nxe5 Qe4 26. Nf7+
Kc8 27. Rh8 Kd7 28. Kd2 Kc6 29. Ng5 Qb4+ 30. Kc1 Qg4 31. Nxe6 Kb6 32. R1h6 Bg6
33. N6f4 c6 34. Rxg6 Qf5 35. Rxa8 d4 36. b4 Qb5 37. Nxd4 Qxb4 38. Nd5+ 1-0

[Event "DEM U14 2010"]
[Site "Oberhof GER"]
[Date "2010.05.29"]
[Round "9"]
[White "Xu, Xianliang"]
[Black "Neef, Maximilian"]
[Result "1/2-1/2"]
[Termination "normal"]
[Board "8"]
[WhiteElo "1995"]
[BlackElo "2040"]
[PlyCount "91"]
[WhiteFideId "4603230"]
[BlackFideId "24692085"]
[EventCountry "GER"]
[EventRounds "9"]
[EventType "swiss"]
[EventDate "2010.05.22"]

1. e4 e6 2. d4 d5 3. exd5 exd5 4. Nf3 Nc6 5. Bb5 Bd6 6. c4 dxc4 7. d5 a6 8. Ba4
b5 9. dxc6 bxa4 10. O-O Ne7 11. Qxa4 Be6 12. Nbd2 Bd5 13. Re1 O-O 14. Ng5 Bxc6
15. Qxc4 Bd5 16. Qd3 Ng6 17. Nc4 Be7 18. Nf3 Bf6 19. Rb1 Be6 20. Qc2 Qd5 21.
Ne3 Qxa2 22. Bd2 Rfc8 23. Bc3 Bxc3 24. Qxc3 Qb3 25. Qc5 Qb6 26. Qg5 h6 27. Qh5
Qb5 28. Qxb5 axb5 29. Nd4 Bd7 30. Nd5 Ra6 31. Nc3 b4 32. Ne4 c5 33. Nf3 Bf5 34.
Rbc1 Rac6 35. Ng3 Bd3 36. Ne2 Bxe2 37. Rxe2 Nf4 38. Re4 Ne6 39. Ne5 Ra6 40.
Rxb4 cxb4 41. Rxc8+ Kh7 42. g3 Ra2 43. Nd3 b3 44. Rb8 Nd4 45. Rb4 Nf3+ 46. Kg2
1/2-1/2

[Event "DEM U14 2010"]
[Site "Oberhof GER"]
[Date "2010.05.29"]
[Round "9"]
[White "Grötzbach, Julian"]
[Black "Koop, Thorben"]
[Result "1/2-1/2"]
[Termination "normal"]
[Board "9"]
[WhiteElo "1861"]
[BlackElo "1868"]
[PlyCount "80"]
[WhiteFideId "24600938"]
[BlackFideId "24661619"]
[EventCountry "GER"]
[EventRounds "9"]
[EventType "swiss"]
[EventDate "2010.05.22"]

1. e4 c5 2. Nf3 Nc6 3. d4 cxd4 4. Nxd4 e5 5. Nb5 d6 6. N1c3 a6 7. Na3 b5 8. Nd5
Nge7 9. c4 Nd4 10. Be3 Nxd5 11. cxd5 g6 12. Nc2 Qa5+ 13. Bd2 Qb6 14. Be3 Bg7
15. Qd2 O-O 16. Nxd4 exd4 17. Bh6 Re8 18. Bd3 f5 19. f3 Qb7 20. Bxg7 Qxg7 21.
O-O fxe4 22. Bxe4 d3 23. Rf2 Qd4 24. Rd1 Bf5 25. Bxf5 gxf5 26. Kf1 Re3 27. Qc3
Qxc3 28. bxc3 Rc8 29. Rfd2 Rxc3 30. Kf2 Re8 31. Rxd3 Rc4 32. R1d2 Kf7 33. Ra3
Ra8 34. Ra5 Rc5 35. Rd4 Rc2+ 36. Kg3 Rg8+ 37. Kf4 Rgxg2 38. Rxa6 Rxa2 39. Rxd6
Rxh2 40. Kxf5 Rhf2 1/2-1/2

[Event "DEM U14 2010"]
[Site "Oberhof GER"]
[Date "2010.05.29"]
[Round "9"]
[White "Urban, Lars"]
[Black "Galkin, Wladislaw"]
[Result "1/2-1/2"]
[Termination "normal"]
[Board "10"]
[WhiteElo "1835"]
[BlackElo "1940"]
[PlyCount "53"]
[WhiteFideId "4644034"]
[BlackFideId "4603192"]
[EventCountry "GER"]
[EventRounds "9"]
[EventType "swiss"]
[EventDate "2010.05.22"]

1. d4 d5 2. c4 dxc4 3. Nf3 Nf6 4. e3 e6 5. Bxc4 a6 6. a4 Nbd7 7. Nc3 c5 8. O-O
cxd4 9. exd4 Nb6 10. Ba2 Nbd5 11. Bg5 Be7 12. Bxf6 Bxf6 13. Nxd5 exd5 14. Qb3
O-O 15. Qxd5 Qxd5 16. Bxd5 Rd8 17. Rfe1 g6 18. Bb3 Bg4 19. Ne5 Rxd4 20. Bxf7+
Kg7 21. Nxg4 Rxg4 22. Bd5 Rb4 23. Rac1 Rxb2 24. Rc7+ Kh6 25. Rxb7 Rb8 26. Rxb8
Rxb8 27. g3 1/2-1/2

[Event "DEM U14 2010"]
[Site "Oberhof GER"]
[Date "2010.05.29"]
[Round "9"]
[White "Buchberger, Sascha"]
[Black "Töws, Manuel"]
[Result "0-1"]
[Termination "normal"]
[Board "11"]
[WhiteElo "1736"]
[BlackElo "1910"]
[PlyCount "42"]
[WhiteFideId "24690180"]
[BlackFideId "24654485"]
[EventCountry "GER"]
[EventRounds "9"]
[EventType "swiss"]
[EventDate "2010.05.22"]

1. e4 c5 2. Nf3 d6 3. d4 cxd4 4. Nxd4 Nf6 5. Nc3 a6 6. Bg5 e6 7. f4 Be7 8. Qf3
Qc7 9. O-O-O Nbd7 10. Bd3 O-O 11. g4 Nc5 12. Qh3 b5 13. Rhe1 Bb7 14. e5 Nxd3+
15. Rxd3 dxe5 16. Rxe5 b4 17. Qh4 Bg2 18. Ne4 Bxe4 19. Rxe4 Nxe4 20. Rh3 Nxg5
21. fxg5 Qf4+ 0-1

[Event "DEM U14 2010"]
[Site "Oberhof GER"]
[Date "2010.05.29"]
[Round "9"]
[White "Knopf, Felix"]
[Black "Brinkmann, Fabian"]
[Result "0-1"]
[Termination "normal"]
[Board "12"]
[WhiteElo "1745"]
[BlackElo "1726"]
[PlyCount "78"]
[WhiteFideId "24692204"]
[BlackFideId "24661414"]
[EventCountry "GER"]
[EventRounds "9"]
[EventType "swiss"]
[EventDate "2010.05.22"]

1. d4 d5 2. c4 e6 3. Nc3 Nf6 4. Bg5 Nbd7 5. Nf3 c6 6. cxd5 exd5 7. e3 Be7 8.
Bd3 Ne4 9. Bf4 f5 10. Qc2 Ndf6 11. O-O O-O 12. Rab1 Nh5 13. Bg3 h6 14. Ne5 g5
15. Ng6 Nhxg3 16. hxg3 Rf6 17. Nxe7+ Qxe7 18. b4 h5 19. b5 h4 20. Bxe4 fxe4 21.
Ne2 h3 22. Rfc1 hxg2 23. Kxg2 Bh3+ 24. Kg1 Raf8 25. Nc3 Rxf2 26. Qxf2 Rxf2 27.
Kxf2 Qf7+ 28. Kg1 Qf3 29. Rc2 Qxg3+ 30. Kh1 Qf3+ 31. Kg1 Qxe3+ 32. Kh2 Bf5 33.
bxc6 bxc6 34. Rb8+ Kf7 35. Rb7+ Kf6 36. Rxa7 Qh3+ 37. Kg1 Qg3+ 38. Kh1 e3 39.
Rc1 e2 0-1

[Event "DEM U14 2010"]
[Site "Oberhof GER"]
[Date "2010.05.29"]
[Round "9"]
[White "Nöttling, Dominik"]
[Black "Krause, Benedict"]
[Result "1/2-1/2"]
[Termination "normal"]
[Board "13"]
[WhiteElo "1801"]
[BlackElo "1827"]
[PlyCount "89"]
[WhiteFideId "24672807"]
[BlackFideId "12917990"]
[EventCountry "GER"]
[EventRounds "9"]
[EventType "swiss"]
[EventDate "2010.05.22"]

1. e4 c5 2. Nf3 e6 3. d4 cxd4 4. Nxd4 Bc5 5. Nb3 Bb6 6. Nc3 Ne7 7. Bf4 d5 8.
exd5 exd5 9. Bb5+ Nbc6 10. O-O O-O 11. Qf3 Be6 12. Bxc6 bxc6 13. Na4 Ng6 14.
Nxb6 axb6 15. Qg3 Nxf4 16. Qxf4 Qd7 17. Nd4 c5 18. Nf3 Ra4 19. Qg3 Rfa8 20. a3
h6 21. b3 R4a6 22. Qe5 Qb7 23. a4 b5 24. axb5 Qxb5 25. Rxa6 Rxa6 26. Nh4 Qd7
27. f4 f6 28. Qe2 Qa7 29. c4 d4 30. Re1 Bf7 31. f5 Ra1 32. Ng6 Rxe1+ 33. Qxe1
Bxg6 34. fxg6 Qd7 35. Qa5 Qe8 36. Kf1 d3 37. Qe1 Qxg6 38. Qe6+ Kh7 39. g4 d2
40. Ke2 Qd3+ 41. Kxd3 d1=Q+ 42. Ke4 Qd4+ 43. Kf3 Qd1+ 44. Kf2 Qd2+ 45. Kf3
1/2-1/2

[Event "DEM U14 2010"]
[Site "Oberhof GER"]
[Date "2010.05.29"]
[Round "9"]
[White "Schreiber, Kevin"]
[Black "Cech, Tim"]
[Result "0-1"]
[Termination "normal"]
[Board "14"]
[WhiteElo "1674"]
[BlackElo "1807"]
[PlyCount "58"]
[WhiteFideId "24655830"]
[BlackFideId "1270258"]
[EventCountry "GER"]
[EventRounds "9"]
[EventType "swiss"]
[EventDate "2010.05.22"]

1. b3 d5 2. Bb2 Nc6 3. Nf3 Nf6 4. e3 Bg4 5. d4 e6 6. Nbd2 Ne4 7. Nxe4 dxe4 8.
h3 Bh5 9. g4 Bg6 10. Nd2 Be7 11. Bg2 f5 12. gxf5 exf5 13. a3 Bh4 14. c4 Qg5 15.
Kf1 O-O 16. d5 Ne7 17. Be5 f4 18. exf4 Rxf4 19. Bxf4 Qxf4 20. Qe2 Rf8 21. Nxe4
Bxe4 22. Bxe4 Qg3 23. f3 Nf5 24. Rd1 Nd6 25. Rd2 Nxe4 26. Qxe4 Rxf3+ 27. Ke2
Qg2+ 28. Kd1 Qxh1+ 29. Kc2 Rc3+ 0-1